| 000 | 01392nam0a2200289 4500 | ||
|---|---|---|---|
| 001 | RU\NLR\bibl\1738602 | ||
| 005 | 20260405134057.0 | ||
| 010 |
_a978-5-904417-04-8 _9500 |
||
| 021 |
_aRU _b2011-5782 _9397 |
||
| 035 | _a(NLR Aleph) 001729528 | ||
| 090 |
_a1390641 _c1390641 |
||
| 100 | _a20110221d2010 |||y0rusy50 ca | ||
| 101 | 0 | _arus | |
| 102 | _aRU | ||
| 105 | _aa ||||||||| | ||
| 200 | 1 |
_aРазвитие финансовых инструментов: ретроспективный и перспективный аспект _fС.В. Пономарева _gАвт. некоммерч. орг. высш. проф. образования "Перм. ин-т экономики и финансов" |
|
| 210 |
_aПермь _cПермский институт экономики и финансов _d2010 |
||
| 215 |
_a179 с. _cил. _d21 |
||
| 320 | _aБиблиогр.: с. 115-125 (137 назв.) | ||
| 606 | 1 |
_aФинансы _xБухгалтерский учет _xОтчетность _xСтандартизация международная _92310562 _3RU\NLR\auth\661382860 |
|
| 686 | _aУ052.9(2)226-15 | ||
| 700 | 1 |
_4070 _7ca _8rus _aПономарева _bС. В. _cканд. экон. наук _gСветлана Васильевна _937580 _3RU\NLR\auth\7754648 |
|
| 801 | 0 |
_aRU _bNLR _c20110221 _gRCR |
|
| 801 | 1 |
_aRU _bNLR _c20110221 |
|
| 942 | _cBOOK | ||
| 980 | _aNB | ||